000 02182nam a2200313 a 4500
001 BRCA_2410
005 20190320203809.0
008 121108s1738----enka---###---#000-0dspa-u
041 _aspa
044 _aenk
084 _a051
_b.T66
_c1738
100 1 _aCervantes Saavedra, Miguel de
_d1547-1616
_9213
245 1 0 _aVida y hechos del Ingenioso Hidalgo Don Quixote de la Mancha
_ccompuesto por Miguel de Cervantes Saavedra.
260 _aLondres
_bJ. y R. Tonson
_c1738
300 _a4 v.
_bil.
_c30 cm.
500 _aContenido : v 1. Primera parte. Dedicatoria a la Condesa de Montijo. Advertencia de D. Juan Oldfield. Vida de Cervantes por Gregorio Mayáns I Siscar. Dedicatoria de éste a Lord Carteret. Indice de la vida. Prólogo del autor. Versos preliminares. Texto. -- v 2. Texto. -- v 3. Segunda parte. Prólogo del autor. Texto. -- v 4. Texto
500 _aPrimera edición en español, impresa en Inglaterra, y publicada por iniciativa y a costa del Lord Carteret, gran hispanófilo, y primera de lujo en general. Contiene de la vida de Cervantes, escrita por su primer biógrafo, el español Gregorio Mayáns y Siscar. Profusamente ilustrada con excelentes láminas de J. Vanderbank, esta magnífica edición va provista del primer retrato de Cervantes dibujado por G. Kent, basado en la descripción que aquél hizo de sí mismo en el prólogo a sus Novelas Ejemplares. La parte tipográfica es de exquisito gusto y en papel superior. Encuadernada en piel; cantos, cortes y filetes dorados. Es un bellísimo ejemplar que por su rareza honra a esta expléndida colección quijotil Lúdovik Osterc
500 _aEstado físico : Lomo y cubierta desprendida
500 _aConn ex-libris de : Francis Bayard Rives
500 _aQM37
650 1 4 _aNovela española
_yÉpoca clásica, 1500-1700
_9215
650 1 4 _aLiteratura española
_yÉpoca clásica, 1500-1700
_9216
650 1 4 _aNovela española
_yÉpoca clásica, 1500-1700
_9215
650 1 4 _aDon Quijote (Personaje ficticio)
_eNovela
_9218
700 1 _aMayáns I Síscar, Gregorio
_d1699-1781
_eBiógrafo
_97093
740 0 _aEl Ingenioso Hidalgo Don Quijote de la Mancha
902 _aQFM
942 _2lcc
_cB
999 _c2151
_d2151